Climate change : a multidisciplinary approach

Αποθηκεύτηκε σε:
Λεπτομέρειες βιβλιογραφικής εγγραφής
Κύριος συγγραφέας: Burroughs, William James
Μορφή: Βιβλίο
Γλώσσα:English
Δημοσίευση: Cambridge, UK; New York : Cambridge University Press, c2002
Θέματα:
Ετικέτες: Προσθήκη ετικέτας
Δεν υπάρχουν, Καταχωρήστε ετικέτα πρώτοι!

MARC

LEADER 00000nam a2200000 i 4500
001 1/40139
008 030909s2002 eng d
020 |a 0-521-56771-8 
035 |l 10070753 
040 |a GR-MY-UA  |b gre  |e aacr 
041 0 |a eng 
082 0 |a 551.6  |2 (21) 
100 1 |a Burroughs, William James. 
245 1 0 |a Climate change :  |b a multidisciplinary approach /  |c William James Burroughs 
260 |a Cambridge, UK; New York :   |b Cambridge University Press,   |c c2002 
300 |a xv, 298 σ.;  |b εικ.;  |c 26 εκ. 
504 |a Περιέχει βιβλιογραφία και ευρετήριο 
650 0 0 |a Climatic changes. 
852 |a INST  |b LESVOS  |e 20030909  |h 551.6 BUR  |p 005100026817  |q 005100026817  |t BK  |y 0 
901 |a BIBL1-2003-3 
909 |a Λ  |b 105923 
922 |a 1ΕΛΗ  |b 200308  |c ΕΠΕΑΕΚ2/ΤΓ  |d ΜΙΧΑΛΟΠΟΥΛΟΣ 
950 |a 118-2003-06-09 
970 |a ΧΡΙΣΤΟΦΑ  |b ΝΙΚΗ  |z 2003/09/16